Stalinismus
| Titel: | Stalinismus / Hrsg. dieses Heftes: Manfred Hildermeier |
|---|---|
| Beteiligt: | |
| Veröffentlicht: | Göttingen : Vandenhoeck & Ruprecht, 2004 |
| Umfang: | 184 Seiten |
| Format: | Buch |
| Sprache: | Deutsch |
| Schriftenreihe/ mehrbändiges Werk: |
Geschichte und Gesellschaft ; Jg. 30, H. 1 |
| RVK-Notation: |
·
|
| Hinweise zum Inhalt: |
Inhaltsverzeichnis
|
X
alg: 11912718 001A $00030:25-02-04 001B $01999:11-03-25 $t09:30:15.000 001D $00030:25-02-04 001U $0utf8 001X $00 002@ $0Aau 002C $aText $btxt $2rdacontent 002D $aohne Hilfsmittel zu benutzen $bn $2rdamedia 002E $aBand $bnc $2rdacarrier 003@ $0119127180 003O $055803431 $aOCoLC 006G $0972527664 006U $004,A49,0377 $f20041021 007A $0119127180 $aHEB 007G $0DE004CC720D11CAA4625EC125754E003CC674 009P $qapplication/pdf $A2 $3Inhaltsverzeichnis $uhttp://scans.hebis.de/HEBCGI/show.pl?11912718_toc.pdf $mV:DE-603;B:DE-17 010@ $ager 011@ $a2004 013D $#Beiträge Formschlagwort $#Einzelbeiträge $#Sammelwerk Formschlagwort $74143413-4 $8Aufsatzsammlung [Tsz] $9085562742 021A $aStalinismus $hHrsg. dieses Heftes: Manfred Hildermeier 028C $BHerausgeber $4edt $7122518268 $8Hildermeier, Manfred$Z1948- [Tp1] $9153664347 033A $pGöttingen $nVandenhoeck & Ruprecht 034D $a184 Seiten 036E $aGeschichte und Gesellschaft $lJg. 30, H. 1 036F $x230 11 $8Geschichte und Gesellschaft $9005604672 $lJg. 30, H. 1 044K $qDNB $RKommunismus $REntstalinisierung $#Stalinisme $#Stalinismus $#Stalinismus $74056883-0 $8Stalinismus [Ts1] $9085158437 044N $aSozialgeschichte, Kommunismus, Forschungsbericht 045E $c320 045F $a909 $eDDC23BSB 045F/01 $a909 045F/03 $f0904 045F/03 $g471 045F/03 $g47 045F/03 $g437 045G $a900.94710904 $eDDC23BSB 045G/01 $a900 045G/03 $f0904 045G/03 $g471 045G/03 $g47 045G/03 $g437 045Z $8NK 1000 [Tkv] $9410888079 045Z $8NA 1000 [Tkv] $9410847747 lok: 11912718 3 101B $012-07-07 $t11:44:12.000 101C $010-03-04 101U $0utf8 145S/01 $a039 145S/02 $a007 145S/03 $a006 exp: 11912718 3 1 #EPN 201B/01 $011-12-17 $t09:28:36.000 201C/01 $010-03-04 201U/01 $0utf8 203@/01 $021057917X 208@/01 $a10-03-04 $bzAa 209A/01 $aZs 27266 Bd 30,1 $du $f000 $hZS 27266 / B 30 1 $x00 $ic 209A/01 $aR 2002 $x06 209G/01 $a56557679 $x00 237A/01 $aSammelbd.: Bd. 30.2004, H. 1-4 zusammengebunden 247C/01 $8601000-3 <30>Frankfurt, Universitätsbibliothek J. C. Senckenberg, Zentralbibliothek (ZB) $9102598258 exp: 11912718 3 2 #EPN 201B/02 $011-06-24 $t22:31:48.000 201C/02 $008-08-05 201U/02 $0utf8 203@/02 $0277116813 208@/02 $a08-08-05 $bzFa 209A/02 $a05/NA 9939 -30 $ds $f034 $h05 NA 9939 / B 30 $x00 209B/02 $a7000 $x05 209G/02 $a2003174790 $x00 209G/02 $aZeitschriften $x01 237A/02 $aJg. 30, Heft 1-4 zusammengebunden 247C/02 $8601034-9 <30/34>Frankfurt, Universitätsbibliothek J. C. Senckenberg, Bibliothek Recht und Wirtschaft (BRuW) $9102598444 lok: 11912718 11 exp: 11912718 11 1 #EPN 201B/01 $021-02-13 $t02:49:18.000 201C/01 $017-03-04 201U/01 $0utf8 203@/01 $0210998997 208@/01 $a17-03-04 $bz 209A/01 $a60 04 A 735 $du $f100 $x00 209C/01 $a20-04-68 209G/01 $a00946214 $x00 247C/01 $8620100-3 <43>Wiesbaden, Hochschul- und Landesbibliothek RheinMain, Rheinstraße $9102599572 lok: 11912718 13 exp: 11912718 13 1 #EPN 201B/01 $018-10-10 $t15:11:00.000 201C/01 $018-10-10 201U/01 $0utf8 203@/01 $0600382818 208@/01 $a11-11-03 $br 209A/01 $aZ 7/1324, Jg. 30 $du $f000 $hZ 7 1324 / B 30 H 1 $x00 $ic 209B/01 $a05 $x05 209G/01 $a02309700 $x00 237A/01 $aJg. 30 zsgebunden 247C/01 $8655000-9 <36>Mainz, Wissenschaftliche Stadtbibliothek Mainz $9102599564 lok: 11912718 23 exp: 11912718 23 1 #EPN 201B/01 $002-05-17 $t17:21:08.000 201C/01 $027-04-05 201U/01 $0utf8 203@/01 $0245628541 208@/01 $a27-04-05 $bz 209A/01 $a28 Ges Z 2696[30 $ds $f024 $h28 GES Z 2696 $x00 $ic 209G/01 $a70858746 $x00 209G/01 $aMagazin $x01 247C/01 $8352024-9 <34/24>Kassel, UB Kassel, Standort Holländischer Platz $9102599459 lok: 11912718 24 101B $010-08-06 $t08:25:25.000 101C $010-08-06 145Z/01 $a2 S 91 145Z/02 $a41 7 Mk 145Z/03 $a41 7 Nk 145Z/04 $a31 7 Mk 145Z/05 $a31 7 Nk 101U $0utf8 exp: 11912718 24 1 #EPN 201B/01 $010-08-06 $t08:25:25.000 201C/01 $017-01-06 203@/01 $0340652985 208@/01 $a10-08-06 $bz 209A/01 $a06.0829 $du $f050 $h06 0829 $x00 209C/01 $a06.0829 K $h06 0829 K 209G/01 $a70816466 $x00 220C/01 $awar/hae 247C/01 $8358050-7Marburg, Bibliothek des Herder-Instituts Marburg $9102600961 201U/01 $0utf8 lok: 11912718 25 exp: 11912718 25 1 #EPN 201B/01 $030-12-25 $t11:19:14.000 201C/01 $003-06-04 201U/01 $0utf8 203@/01 $0215000919 208@/01 $a03-06-04 $bz 209A/01 $aBa 285 $ds $f093 $x00 209B/01 $a09399 $x05 209B/01 $a09299 $x06 209C/01 $a64/04 209G/01 $aZentralbibliothek, Zeitschriftenmagazin Osteuropäische Geschichte $x01 247C/01 $8651093-0 <77/093>Mainz, Universität Mainz, Zentralbibliothek, Ausgelagerte Zeitschriften Bereichsbibliothek Philosophicum $9222809620 lok: 11912718 51 exp: 11912718 51 1 #EPN 201B/01 $020-10-11 $t10:18:39.000 201C/01 $020-10-11 201U/01 $0utf8 203@/01 $0631272720 208@/01 $a20-10-11 $br 209A/01 $aIX B 409 a, 30,1 $ds $f029 $x00 209C/01 $aI 2011/303 209C/01 $anel1110 247C/01 $8358029-5 Marburg, Hessisches Staatsarchiv Marburg, Dienstbibliothek $9128333448 lok: 11912718 204 exp: 11912718 204 1 #EPN 201B/01 $024-02-25 $t10:06:23.000 201C/01 $003-03-05 201U/01 $0utf8 203@/01 $0229071279 208@/01 $a03-03-05 $bzp08 209A/01 $aFH Hist ZZ 600,30 $di $f000 $hFH HIST ZZ 600 / B 30 $x00 247C/01 $8631000-x <26>Gießen, Universität Gießen, Universitätsbibliothek Gießen $9102596697
| LEADER | 00000cam a2200000 c 4500 | ||
|---|---|---|---|
| 001 | 119127180 | ||
| 003 | DE-603 | ||
| 005 | 20250311093015.0 | ||
| 007 | tu | ||
| 008 | 040225s2004 xx |||| | u00||u|ger | ||
| 015 | |a 04,A49,0377 |2 dnb | ||
| 016 | 7 | |2 DE-101 |a 972527664 | |
| 035 | |a (DE-599)HEB119127180 | ||
| 035 | |a (OCoLC)55803431 | ||
| 040 | |a DE-603 |b ger |c DE-603 |d DE-603 | ||
| 041 | |a ger | ||
| 082 | 0 | 4 | |8 1\u |a 909 |q DE-101 |2 23/BSB |
| 083 | 0 | |8 2\u |a 900.94710904 |q DE-101 |2 23/BSB | |
| 084 | |a 320 |q DE-101 |2 sdnb | ||
| 084 | |a NK 1000 |0 (DE-625)125849: |0 (DE-603)410888079 |2 rvk | ||
| 084 | |a NA 1000 |0 (DE-625)124053: |0 (DE-603)410847747 |2 rvk | ||
| 085 | |8 1\u |b 909 | ||
| 085 | |8 1\u |z 1 |s 0904 | ||
| 085 | |8 1\u |z 2 |s 471 | ||
| 085 | |8 1\u |z 2 |s 47 | ||
| 085 | |8 1\u |z 2 |s 437 | ||
| 085 | |8 2\u |b 900 | ||
| 085 | |8 2\u |z 1 |s 0904 | ||
| 085 | |8 2\u |z 2 |s 471 | ||
| 085 | |8 2\u |z 2 |s 47 | ||
| 085 | |8 2\u |z 2 |s 437 | ||
| 245 | 0 | 0 | |a Stalinismus |c Hrsg. dieses Heftes: Manfred Hildermeier |
| 264 | 1 | |a Göttingen |b Vandenhoeck & Ruprecht |c 2004 | |
| 300 | |a 184 Seiten | ||
| 336 | |a Text |b txt |2 rdacontent | ||
| 337 | |a ohne Hilfsmittel zu benutzen |b n |2 rdamedia | ||
| 338 | |a Band |b nc |2 rdacarrier | ||
| 490 | 1 | |a Geschichte und Gesellschaft |v Jg. 30, H. 1 | |
| 650 | 7 | |a Stalinismus |0 (DE-588)4056883-0 |0 (DE-603)085158437 |2 gnd | |
| 655 | 7 | |a Aufsatzsammlung |2 gnd-content |0 (DE-588)4143413-4 |0 (DE-603)085562742 | |
| 700 | 1 | |a Hildermeier, Manfred |d 1948- |e Herausgeber |4 edt |0 (DE-603)153664347 |0 (DE-588)122518268 |2 gnd | |
| 830 | 0 | |t Geschichte und Gesellschaft |v Jg. 30, H. 1 |w (DE-603)005604672 |w (DE-600)189610-6 |9 230 11 |7 as | |
| 856 | 4 | 2 | |m V:DE-603;B:DE-17 |q application/pdf |u http://scans.hebis.de/HEBCGI/show.pl?11912718_toc.pdf |3 Inhaltsverzeichnis |
| 924 | 0 | |9 30 |a (DE-603)21057917X |b DE-30 |c HES |d c |g Zs 27266 Bd 30,1 | |
| 924 | 0 | |9 30/34 |a (DE-603)277116813 |b DE-30-34 |c HES |d d |g 05/NA 9939 -30 | |
| 924 | 0 | |9 43 |a (DE-603)210998997 |b DE-43 |c HES |d c |g 60 04 A 735 | |
| 924 | 0 | |9 36 |a (DE-603)600382818 |b DE-36 |c HES |d c |g Z 7/1324, Jg. 30 | |
| 924 | 0 | |9 34/24 |a (DE-603)245628541 |b DE-34-24 |c HES |d b |g 28 Ges Z 2696[30 |h Magazin | |
| 924 | 0 | |9 Mb 50 |a (DE-603)340652985 |b DE-Mb50 |c HES |d c |g 06.0829 | |
| 924 | 0 | |9 77/093 |a (DE-603)215000919 |b DE-77-093 |c HES |d d |g Ba 285 | |
| 924 | 0 | |9 Mb 29 |a (DE-603)631272720 |b DE-Mb29 |c HES |d d |g IX B 409 a, 30,1 | |
| 924 | 0 | |9 26 |a (DE-603)229071279 |b DE-26 |c HES |d b |g FH Hist ZZ 600,30 | |


